000 00260nam a2200109Ia 4500
008 190913s9999||||xx |||||||||||||| ||und||
100 _aMaclellan,Rory
245 0 _aTourism in Scotland
260 _aNew York
_bPrentice Hall
_c1997
300 _a343
942 _cBK
999 _c8246
_d8246